Central Library OPAC University of Rajshahi

Introduction to solid state physics / (Record no. 37752)

MARC details
000 -LEADER
fixed length control field 00752nam a2200265 a 4500
001 - CONTROL NUMBER
control field 37752
003 - CONTROL NUMBER IDENTIFIER
rucl marc code BD-RjUL
005 - DATE AND TIME OF LATEST TRANSACTION
control field 20211209052639.0
008 - FIXED-LENGTH DATA ELEMENTS--GENERAL INFORMATION
fixed length control field 150615s1971 nyua b 001 0 eng
020 ## - INTERNATIONAL STANDARD BOOK NUMBER
International Standard Book Number 0471490210
035 ## - SYSTEM CONTROL NUMBER
System control number (BD-RjUL)37856
040 ## - CATALOGING SOURCE
Original cataloging agency DLC
Transcribing agency DLC
Modifying agency DLC
-- BD-RjUL
Language of cataloging eng
041 ## - LANGUAGE CODE
Language code of text/sound track or separate title eng
082 00 - DEWEY DECIMAL CLASSIFICATION NUMBER
Classification number 530.41
Author mark and year KII 1971
Edition number 23
100 1# - MAIN ENTRY--PERSONAL NAME
Personal name Kittel, Charles.
9 (RLIN) 116889
245 10 - TITLE STATEMENT
Title Introduction to solid state physics /
Statement of responsibility, etc. Charles Kittel.
250 ## - EDITION STATEMENT
Edition statement 4th ed.
260 ## - PUBLICATION, DISTRIBUTION, ETC. (IMPRINT)
Place of publication, distribution, etc. New York :
Name of publisher, distributor, etc. Wiley.
Date of publication, distribution, etc. c1971.
300 ## - PHYSICAL DESCRIPTION
Pagination xv, 766 p. :
Illustrations ill. ;
Size 25 cm.
504 ## - BIBLIOGRAPHY, ETC. NOTE
Bibliography, etc Includes bibliographical references.
650 #0 - SUBJECT ADDED ENTRY--TOPICAL TERM
Topical term or geographic name as entry element Solids state physics
9 (RLIN) 116890
942 ## - ADDED ENTRY ELEMENTS (KOHA)
Source of classification or shelving scheme Dewey Decimal Classification
Koha item type Books
Holdings
Lost status Source of classification or shelving scheme Damaged status Not for loan Collection code Permanent Location Current Location Shelving location Date acquired Total Checkouts Full call number Date last seen Copy number Koha item type Date checked out Source of acquisition Cost, normal purchase price
  Dewey Decimal Classification   Not For Loan Non-fiction Central Library, University of Rajshahi Central Library, University of Rajshahi Reading Room 15/06/2015   530.41 KII 1971 15/06/2015 C-1 Books      
  Dewey Decimal Classification     Non-fiction Central Library, University of Rajshahi Central Library, University of Rajshahi   15/06/2015 3 530.41 KII 1971 11/02/2017 C-2 Books 30/01/2017    
  Dewey Decimal Classification     Non-fiction Central Library, University of Rajshahi Central Library, University of Rajshahi   28/05/1975 2 530.41 KII 1971 20/01/2022 C-3 Books 17/01/2022 Janathan & Co. 7.85
  Dewey Decimal Classification     Non-fiction Central Library, University of Rajshahi Central Library, University of Rajshahi   04/11/1973 2 530.41 KII 1971 27/06/2022 C-4 Books 07/06/2022 U.S.Govt  
  Dewey Decimal Classification     Non-fiction Central Library, University of Rajshahi Central Library, University of Rajshahi   28/05/1975   530.41 KII 1971 07/05/2017 C-5 Books   Janathan & Co 7.85
  Dewey Decimal Classification     Non-fiction Central Library, University of Rajshahi Central Library, University of Rajshahi   09/12/2021   530.41 KII 1971 08/05/2017 C-6 Books   Jonathan owarent and kong  
  Dewey Decimal Classification     Non-fiction Central Library, University of Rajshahi Central Library, University of Rajshahi   28/05/1975   530.41 KII 1971 08/05/2017 C-7 Books   Janathan & Co 7.85
  Dewey Decimal Classification     Non-fiction Central Library, University of Rajshahi Central Library, University of Rajshahi   27/11/1973   530.41 KII 1971 08/05/2017 C-8 Books   U.S.Govt  
  Dewey Decimal Classification     Non-fiction Central Library, University of Rajshahi Central Library, University of Rajshahi   27/11/1973   530.41 KII 1971 08/05/2017 C-9 Books   U.S.Govt  
  Dewey Decimal Classification     Non-fiction Central Library, University of Rajshahi Central Library, University of Rajshahi   28/05/1975   530.41 KII 1971 08/05/2017 C-10 Books   Janathan & Co 7.85
  Dewey Decimal Classification     Non-fiction Central Library, University of Rajshahi Central Library, University of Rajshahi   27/05/1975   530.41 KII 1971 16/02/2019 C-11 Books   Janathan & Co. 7.85